Statistics for UK Grime MC's

Click here to take the quiz!

General Stats

  • This quiz has been taken 768 times
  • The average score is 8 of 15

Answer Stats

HintAnswer% Correct
ShutdownSkepta
98%
Serious?jme
92%
Where do you know me from?Stormzy
88%
Pow 2004/2011Lethal Bizzle
69%
0161 / Manny on the MapBugzy Malone
68%
On a LevelWiley
61%
German WhipMeridian Dan
48%
Lord of the MicsJammer
41%
Feed em to the LionsSolo 45
38%
96 ParsTempa T
37%
Still Sittin' hereFekky
33%
STOP DATDizzee Rascal
30%
Man alike ........, Where you been?Frisco
24%
Exploding ShottieDevilman
22%
Moesh (Not so tall?)Shorty
18%

Score Distribution

Percentile by Number Answered

Percent of People with Each Score

Your Score History

You have not taken this quiz